[Event "Euskadi-ch U18"]
[Site "Eibar"]
[Date "2019.04.24"]
[Round "3"]
[White "Ruiz Bonito, Imanol"]
[Black "Nichei, Anatoli"]
[Result "0-1"]
[WhiteElo "1202"]
[BlackElo "1463"]
[PlyCount "43"]
[EventDate "2019.04.23"]
[EventType "swiss"]
[EventRounds "7"]
[EventCountry "ESP"]
[SourceTitle "EXT 2020"]
[Source "ChessBase"]
[SourceDate "2019.10.17"]
[SourceVersion "1"]
[SourceVersionDate "2019.10.17"]
[SourceQuality "1"]

1. e4 e5 2. Nf3 Nc6 3. Bc4 Bc5 4. Nc3 d6 5. h3 h6 6. 0-0 Nf6 7. d3 Bd7 8. Be3 Bxe3 9. fxe3 Qc8 10. Kh2 g5 11. Nd5 Nxd5 12. exd5 Ne7 13. d4 e4 14. Ng1 Nf5 15. Qh5 Rh7 16. Rae1 b5 17. Be2 Qb7 18. Bg4 Qxd5 19. c3 0-0-0 20. Ne2 Nxe3 21. Bxd7+ Rxd7 22. Rf2 0-1

[Event "Portugalete Bizkaia-ch U20"]
[Site "Portugalete"]
[Date "2018.01.03"]
[Round "4.1"]
[White "Ruiz Macias, Javier"]
[Black "Nichei, Anatoli"]
[Result "1-0"]
[WhiteElo "1725"]
[BlackElo "1564"]
[PlyCount "53"]
[EventDate "2017.12.27"]
[EventType "tourn"]
[EventRounds "5"]
[EventCountry "ESP"]
[SourceTitle "EXT 2024"]
[Source "ChessBase"]
[SourceDate "2023.10.10"]
[SourceVersion "1"]
[SourceVersionDate "2023.10.10"]
[SourceQuality "1"]

1. e4 c5 2. Nf3 Nc6 3. d4 cxd4 4. Nxd4 e5 5. Nb3 Nf6 6. Bd3 d5 7. exd5 Nxd5 8. 0-0 Be7 9. Re1 0-0 10. Qh5 Nf6 11. Qh4 e4 12. Bxe4 Nxe4 13. Qxe4 g6 14. Na3 Bf5 15. Qe2 Qd7 16. c3 Rad8 17. Nc2 Qe6 18. Qxe6 fxe6 19. Ncd4 Nxd4 20. Nxd4 Bc5 21. Be3 e5 22. Nxf5 Rxf5 23. Bxc5 Rd2 24. Rab1 e4 25. Be3 Rdd5 26. Bxa7 e3 27. Bxe3 1-0

[Event "Portugalete Bizkaia-ch U20"]
[Site "Portugalete"]
[Date "2017.12.29"]
[Round "3.3"]
[White "Carazo Fernandez, Constantin"]
[Black "Nichei, Anatoli"]
[Result "1-0"]
[WhiteElo "1810"]
[BlackElo "1564"]
[PlyCount "29"]
[EventDate "2017.12.27"]
[EventType "tourn"]
[EventRounds "5"]
[EventCountry "ESP"]
[SourceTitle "EXT 2024"]
[Source "ChessBase"]
[SourceDate "2023.10.10"]
[SourceVersion "1"]
[SourceVersionDate "2023.10.10"]
[SourceQuality "1"]

1. e4 c5 2. Nf3 Nc6 3. d4 cxd4 4. Nxd4 Nf6 5. Nc3 e6 6. Be3 d5 7. exd5 Nxd4 8. Qxd4 exd5 9. Rd1 Bb4 10. Qxb4 Be6 11. Bb5+ Bd7 12. Nxd5 Nxd5 13. Rxd5 Qc7 14. Bxd7+ Kd8 15. Bb5+ 1-0